[Event "Titled Tue 17th Jun Late"]
[Site "chess.com INT"]
[Date "2025.06.17"]
[Round "8"]
[White "Bryakin, Mikhail"]
[Black "Shukhman, Anna"]
[Result "0-1"]
[WhiteTitle "GM"]
[BlackTitle "WGM"]
[WhiteElo "2462"]
[BlackElo "2413"]
[WhiteFideId "4165314"]
[BlackFideId "54180058"]
[EventDate "2025.06.17"]

1. c4 Nf6 2. Nf3 g6 3. g3 Bg7 4. Bg2 O-O 5. O-O d5 6. cxd5 Nxd5 7. Nc3 Nxc3 8.
dxc3 Nc6 9. Bf4 e5 10. Bg5 f6 11. Qxd8 Rxd8 12. Be3 Be6 13. b3 a5 14. a4 Rd7 15.
Rab1 Rad8 16. h4 f5 17. Ng5 Bd5 18. Bxd5+ Rxd5 19. Ne6 Rc8 20. Rfd1 Rd6 21. Ng5
Rcd8 22. Rxd6 Rxd6 23. Rc1 e4 24. f3 h6 25. Nh3 exf3 26. Bf4 Ne5 27. e3 Rd2 28.
Rf1 Ng4 29. Kh1 Bxc3 30. Rc1 Bb2 31. Rb1 Rh2+ 32. Kg1 Rxh3 33. Rxb2 f2+ 34. Rxf2
Nxf2 35. Kg2 Rh1 36. Kxf2 Rb1 37. Bxc7 Rxb3 38. Bd6 Rb2+ 39. Kf3 Ra2 40. Kf4
Rxa4+ 41. Ke5 Kf7 42. h5 Re4+ 43. Kd5 gxh5 44. Bf4 a4 0-1

[Event "Titled Tue 17th Jun Late"]
[Site "chess.com INT"]
[Date "2025.06.17"]
[Round "8"]
[White "Anhwere, Bernard"]
[Black "Qian, Ashley"]
[Result "1-0"]
[WhiteTitle "CM"]
[BlackTitle "WCM"]
[WhiteElo "1906"]
[BlackElo "2033"]
[WhiteFideId "12600580"]
[BlackFideId "2636280"]
[EventDate "2025.06.17"]

1. d4 d5 2. c4 e6 3. Nf3 Nf6 4. cxd5 exd5 5. g3 c6 6. Bg2 Bf5 7. O-O h6 8. Nc3
Bd6 9. Ne5 O-O 10. f4 Nbd7 11. Qb3 Qb6 12. e3 Qxb3 13. axb3 a6 14. Bd2 Rad8 15.
Rfc1 Rfe8 16. Na4 Ne4 17. Be1 Nxe5 18. fxe5 Bc7 19. b4 f6 20. Nc5 Nxc5 21. bxc5
fxe5 22. Ra3 exd4 23. exd4 Re2 24. Rb3 Rde8 25. Bf2 Bc8 26. Bf3 R2e7 27. Bh5 Rf8
28. Rf3 Rxf3 29. Bxf3 g5 30. h4 Kg7 31. Kg2 g4 32. Bd1 Re4 33. Bc2 Re2 34. Kf1
Re8 35. Bd1 Kg6 36. Rc3 h5 37. Bc2+ 1-0

[Event "Titled Tue 17th Jun Late"]
[Site "chess.com INT"]
[Date "2025.06.17"]
[Round "8"]
[White "Galchenko, Matvey"]
[Black "Pranav, V"]
[Result "0-1"]
[WhiteTitle "IM"]
[BlackTitle "GM"]
[WhiteElo "2435"]
[BlackElo "2595"]
[WhiteFideId "24175480"]
[BlackFideId "25060783"]
[EventDate "2025.06.17"]

1. e4 e5 2. Nf3 Nc6 3. d4 exd4 4. c3 d3 5. Bxd3 Bc5 6. O-O d6 7. h3 Nge7 8. Nbd2
O-O 9. Re1 Ng6 10. Nf1 h6 11. Bc2 Qf6 12. Ne3 Be6 13. Bb3 Nce5 14. Nd4 Nh4 15.
f4 Nc6 16. Nxe6 fxe6 17. f5 Rae8 18. Qe2 Kh8 19. Bxe6 Nd8 20. Kh2 Nxe6 21. fxe6
Qe5+ 22. Kh1 Qxe4 23. Qg4 Rf4 24. Qg3 Rxe6 25. Bd2 Nf3 26. gxf3 Rxf3 27. Qg2
Rxh3+ 28. Kg1 Rg6 0-1

[Event "Titled Tue 17th Jun Late"]
[Site "chess.com INT"]
[Date "2025.06.17"]
[Round "8"]
[White "Daspres, Loic"]
[Black "Zhukovskyi, Oleksandr"]
[Result "1-0"]
[WhiteTitle "CM"]
[BlackTitle "CM"]
[WhiteElo "2207"]
[BlackElo "2145"]
[WhiteFideId "20612281"]
[BlackFideId "14169371"]
[EventDate "2025.06.17"]

1. e4 Nf6 2. e5 Nd5 3. d4 d6 4. Nf3 dxe5 5. Nxe5 c6 6. Be2 Bf5 7. O-O Nd7 8. Nc4
e6 9. Ne3 Bg6 10. a3 Bd6 11. c4 Nf4 12. Nc3 Nxe2+ 13. Qxe2 O-O 14. f4 Nf6 15.
Ng4 Nxg4 16. Qxg4 Bd3 17. Rf3 Bxc4 18. Rg3 Qf6 19. Ne4 Qxd4+ 20. Be3 Qxb2 21.
Rd1 Be2 22. Qh4 Be7 23. Qxe7 Bxd1 24. Nf6+ Kh8 25. Nd7 Rae8 26. Qd6 Qb1 27. h4
Bh5+ 28. Kh2 Rg8 29. Bd4 Bg6 30. h5 Qf5 31. hxg6 fxg6 32. Ne5 Qh5+ 33. Rh3 Qd1
34. Nf7# 1-0

[Event "Titled Tue 17th Jun Late"]
[Site "chess.com INT"]
[Date "2025.06.17"]
[Round "8"]
[White "Moussard, Jules"]
[Black "Holt, Conrad"]
[Result "1-0"]
[WhiteTitle "GM"]
[BlackTitle "GM"]
[WhiteElo "2597"]
[BlackElo "2540"]
[WhiteFideId "642908"]
[BlackFideId "2034387"]
[EventDate "2025.06.17"]

1. e4 e6 2. d4 d5 3. e5 c5 4. c3 Nc6 5. Nf3 Bd7 6. Be2 Nge7 7. O-O Nf5 8. dxc5
Bxc5 9. b4 Bb6 10. Bd3 Nh4 11. Nbd2 Ng6 12. Re1 Qc7 13. Bxg6 hxg6 14. Nb3 a5 15.
b5 Ne7 16. a4 Qxc3 17. Ba3 Qc4 18. Nbd4 Rc8 19. Rc1 Qa2 20. Ra1 Qc4 21. Rc1 Qa2
22. Rxc8+ Nxc8 23. Qc1 Qc4 24. Qxc4 dxc4 25. Rc1 Bd8 26. Bc5 Nb6 27. Bxb6 Bxb6
28. Rxc4 Ke7 29. Kf1 f6 30. h3 Rh5 31. Ne2 g5 32. Ng3 Rh8 33. Ne4 Rd8 34. Nd6
Be8 35. Nc8+ Rxc8 36. Rxc8 Bg6 37. Ke2 Be4 38. exf6+ gxf6 39. g3 Kd7 40. Rg8 Bc2
41. h4 gxh4 42. gxh4 Bxa4 43. h5 Bxb5+ 44. Kd2 a4 45. h6 a3 46. h7 a2 47. Rg7+
Kc6 48. Rg1 Ba5+ 49. Kc2 1-0

[Event "Titled Tue 17th Jun Late"]
[Site "chess.com INT"]
[Date "2025.06.17"]
[Round "8"]
[White "Garzon Zapatanga, Christopher Leonel"]
[Black "Lazaro Azcutia, Miguel"]
[Result "1-0"]
[WhiteTitle "FM"]
[BlackTitle "CM"]
[WhiteElo "2155"]
[BlackElo "2275"]
[WhiteFideId "3634787"]
[BlackFideId "54538254"]
[EventDate "2025.06.17"]

1. e4 e5 2. Nf3 Nc6 3. Bb5 a6 4. Ba4 Nf6 5. O-O b5 6. Bb3 Bc5 7. c3 d6 8. d4 Bb6
9. h3 h6 10. a4 Rb8 11. Re1 O-O 12. a5 Ba7 13. Be3 Ra8 14. Nbd2 Re8 15. d5 Ne7
16. c4 Bxe3 17. Rxe3 Bd7 18. c5 Ng6 19. Rc1 Nf4 20. Nf1 Qe7 21. Qc2 g5 22. Ng3
Kg7 23. Qd2 Reb8 24. cxd6 cxd6 25. Rc7 Qd8 26. Rec3 Ne8 27. R7c6 Bxc6 28. Nf5+
Kh7 29. dxc6 b4 30. Rc1 Qc7 31. Bd5 Nxd5 32. exd5 Rb5 33. Qd3 Kh8 34. Nxh6 Rxa5
35. Nxg5 f6 36. Qg6 1-0

[Event "Titled Tue 17th Jun Late"]
[Site "chess.com INT"]
[Date "2025.06.17"]
[Round "8"]
[White "Tang, Austin"]
[Black "Deng, Henry"]
[Result "1-0"]
[BlackTitle "FM"]
[WhiteElo "1979"]
[BlackElo "2327"]
[WhiteFideId "30964580"]
[BlackFideId "30965454"]
[EventDate "2025.06.17"]

1. e4 c5 2. Nf3 e6 3. d4 cxd4 4. Nxd4 Nc6 5. Nc3 Nf6 6. Nxc6 bxc6 7. e5 Nd5 8.
Ne4 Bb7 9. c4 Nb4 10. c5 Qb8 11. Nd6+ Bxd6 12. exd6 Ba6 13. Bxa6 Nxa6 14. Qd4
Qb4+ 15. Qxb4 Nxb4 16. O-O f6 17. Bd2 Nd5 18. b4 Kf8 19. a4 Kf7 20. b5 Rhc8 21.
Rfc1 Rab8 22. Rab1 e5 23. f3 Ke6 24. Kf2 Rb7 25. h4 Rcb8 26. Rc2 cxb5 27. Rcb2
b4 28. Rb3 a5 29. Ke2 Rc8 30. Rc1 Rc6 31. Kd3 Rb8 32. Kc4 f5 33. g4 fxg4 34.
fxg4 Nf6 35. g5 Ne4 36. Be3 Nxd6+ 37. Kd3 Rbc8 38. g6 Nf5 39. gxh7 Rh8 40. Rg1
Rxh7 41. Kc4 Rxh4+ 42. Kb5 Rh3 43. Re1 Kd5 44. Rd3+ Ke4 45. Rxd7 Rc8 46. Bd4+
Kd3 47. Bxe5+ Kc2 48. c6 b3 49. Re2+ Kc1 50. Bf4+ Kb1 51. Rd1# 1-0

[Event "Titled Tue 17th Jun Late"]
[Site "chess.com INT"]
[Date "2025.06.17"]
[Round "8"]
[White "Klepek, Witold"]
[Black "Swara Lakshmi S Nair"]
[Result "1-0"]
[WhiteTitle "CM"]
[BlackTitle "WCM"]
[WhiteElo "2253"]
[BlackElo "2187"]
[WhiteFideId "1175068"]
[BlackFideId "25629239"]
[EventDate "2025.06.17"]

1. c4 Nf6 2. Nf3 g6 3. Nc3 c6 4. e4 d6 5. d4 Bg7 6. Be2 O-O 7. O-O d5 8. e5 Ne4
9. cxd5 Nxc3 10. bxc3 cxd5 11. Ne1 Nc6 12. a4 Be6 13. Ba3 Rc8 14. Nd3 b6 15. Nf4
Bf5 16. Bf3 Be4 17. Bxe4 dxe4 18. Qe2 Na5 19. Bb4 Nc4 20. Rfe1 a5 21. Ba3 f5 22.
Ne6 Qd5 23. Nxf8 Bxf8 24. Reb1 Nxa3 25. Rxa3 e6 26. Rab3 f4 27. f3 e3 28. g3 b5
29. Rxb5 Qd8 30. R5b3 Qg5 31. Kg2 h5 32. Rg1 h4 33. g4 h3+ 34. Kxh3 Rc7 35. Kg2
Rh7 36. Kh1 Be7 37. Rb8+ Kf7 38. Rgb1 Qh4 39. R1b2 Qh3 40. R8b7 Qg3 41. Rxe7+
Kxe7 42. Rb7+ Ke8 43. Rxh7 Qf2 44. Qxf2 1-0

[Event "Titled Tue 17th Jun Late"]
[Site "chess.com INT"]
[Date "2025.06.17"]
[Round "8"]
[White "Leenhouts, Koen"]
[Black "Leiva, Gianmarco"]
[Result "1-0"]
[WhiteTitle "GM"]
[BlackTitle "IM"]
[WhiteElo "2476"]
[BlackElo "2387"]
[WhiteFideId "1008439"]
[BlackFideId "3804399"]
[EventDate "2025.06.17"]

1. d4 d5 2. c4 e6 3. Nf3 Nf6 4. g3 Bb4+ 5. Nbd2 dxc4 6. Qc2 b5 7. a4 Bb7 8. axb5
Bxf3 9. exf3 Qxd4 10. Bxc4 O-O 11. O-O Nbd7 12. Nb3 Qb6 13. Be3 Qb7 14. Rfc1 Ne5
15. Be2 Nxf3+ 16. Bxf3 Qxf3 17. Qxc7 Nd5 18. Qc6 h5 19. Nd4 Qg4 20. f3 Qh3 21.
Bf2 h4 22. Ne2 hxg3 23. hxg3 Bd2 24. Rc4 Be3 25. Rh4 Qf5 26. Kg2 Bh6 27. Qc4
Rac8 28. Qe4 1-0

[Event "Titled Tue 17th Jun Late"]
[Site "chess.com INT"]
[Date "2025.06.17"]
[Round "8"]
[White "Sargsyan, Shant"]
[Black "Suleymanli, Suleyman"]
[Result "0-1"]
[WhiteTitle "GM"]
[BlackTitle "FM"]
[WhiteElo "2669"]
[BlackElo "2308"]
[WhiteFideId "13306766"]
[BlackFideId "13416375"]
[EventDate "2025.06.17"]

1. e3 d5 2. c4 e6 3. b3 Nf6 4. Bb2 Be7 5. f4 O-O 6. Nf3 b6 7. g4 Bb7 8. g5 Ne4
9. cxd5 exd5 10. d3 Nd6 11. h4 Nf5 12. Kf2 Bc5 13. d4 Be7 14. Bd3 Nd6 15. Nc3
Nd7 16. Qc2 f5 17. h5 Ne4+ 18. Kg2 c5 19. h6 g6 20. Rad1 cxd4 21. Nxd4 Ndc5 22.
Nxe4 fxe4 23. Ba6 Bxa6 24. Nc6 Qd7 25. Nxe7+ Qxe7 26. Qc3 Kf7 27. Rxd5 Ne6 28.
Rhd1 Bd3 29. Ba3 Qxa3 30. Qf6+ Kg8 31. Qxe6+ Rf7 32. Rd7 Rf8 33. f5 Qxa2+ 34.
Kg3 Qe2 35. Rxf7 Qf3+ 36. Kh2 Qh5+ 37. Kg3 Qxg5+ 38. Kh3 Qxh6+ 39. Kg2 Qg5+ 40.
Kf2 Qh4+ 41. Kg2 Rxf7 42. Rc1 Qg4+ 43. Kh2 Qxf5 0-1

[Event "Titled Tue 17th Jun Late"]
[Site "chess.com INT"]
[Date "2025.06.17"]
[Round "8"]
[White "Sethuraman, Roshan"]
[Black "Londono Lopez, Donaldo"]
[Result "1-0"]
[BlackTitle "FM"]
[WhiteElo "2074"]
[BlackElo "2186"]
[WhiteFideId "30965250"]
[BlackFideId "4462009"]
[EventDate "2025.06.17"]

1. e4 c5 2. Nf3 d6 3. d4 cxd4 4. Nxd4 Nf6 5. Nc3 a6 6. Be3 e6 7. Nb3 b5 8. f3
Nbd7 9. g4 Nb6 10. Qd2 Nfd7 11. O-O-O Bb7 12. Na5 Bc8 13. Be2 Qc7 14. f4 Be7 15.
Bf3 Rb8 16. e5 d5 17. Bd4 Nc4 18. Nxc4 bxc4 19. Ne2 O-O 20. h4 Nc5 21. f5 exf5
22. Bxd5 fxg4 23. Bxc4 Be6 24. Bxe6 Nxe6 25. Bc3 Rfc8 26. Nd4 Nxd4 27. Qxd4 Bc5
28. Qd3 Bb4 29. Bxb4 Rxb4 30. c3 Rb5 31. Rhe1 Rxe5 32. Rxe5 Qxe5 33. Qxa6 Qf4+
34. Kb1 Rf8 35. Qd3 g3 36. Rg1 Qxh4 37. Rxg3 Qh1+ 38. Kc2 Re8 39. Re3 Qg2+ 40.
Kd1 Qg1+ 41. Kd2 Qf2+ 42. Re2 Qf4+ 43. Kc2 Rxe2+ 44. Qxe2 g6 45. c4 h5 46. b4 h4
47. Kb3 h3 48. c5 h2 49. Qg2 1-0

[Event "Titled Tue 17th Jun Late"]
[Site "chess.com INT"]
[Date "2025.06.17"]
[Round "8"]
[White "Miserendino, Alfredo"]
[Black "Clawitter, Craig"]
[Result "0-1"]
[WhiteElo "2032"]
[BlackElo "2050"]
[WhiteFideId "101800"]
[BlackFideId "2023105"]
[EventDate "2025.06.17"]

1. e4 e5 2. Nf3 Nc6 3. Bb5 a6 4. Ba4 Nf6 5. O-O Be7 6. Re1 b5 7. Bb3 d6 8. c3
O-O 9. h3 Nb8 10. d4 Nbd7 11. Nbd2 Bb7 12. d5 Nc5 13. Bc2 c6 14. dxc6 Bxc6 15.
b4 Ne6 16. Nf1 a5 17. Ng3 g6 18. Bh6 Re8 19. a3 Nd7 20. Bb3 Nb6 21. Bxe6 fxe6
22. Nd2 Bg5 23. Bxg5 Qxg5 24. Qe2 d5 25. bxa5 Nc4 26. Nxc4 bxc4 27. exd5 exd5
28. Qg4 Qxg4 29. hxg4 Rxa5 30. Nf1 Kf7 31. Ne3 Kf6 32. Nc2 Rea8 33. f3 Ba4 34.
Nb4 Bb3 35. Nc6 Rxa3 36. Rxa3 Rxa3 37. Nxe5 Ra2 0-1

[Event "Titled Tue 17th Jun Late"]
[Site "chess.com INT"]
[Date "2025.06.17"]
[Round "8"]
[White "Abdou Ahmed Alem"]
[Black "Montano Vicente, Guadalupe"]
[Result "1-0"]
[WhiteTitle "CM"]
[WhiteElo "2002"]
[BlackElo "1938"]
[WhiteFideId "19603720"]
[BlackFideId "5181399"]
[EventDate "2025.06.17"]

1. d4 Nf6 2. Bf4 c5 3. c3 Qb6 4. Qc1 Nc6 5. e3 e6 6. Nd2 d5 7. Bd3 Bd7 8. Ngf3
Rc8 9. O-O cxd4 10. exd4 Be7 11. Re1 O-O 12. a3 a5 13. h3 a4 14. Qc2 Na5 15. Ne5
Bb5 16. Rab1 Bxd3 17. Nxd3 Nb3 18. Nxb3 Qxb3 19. Qxb3 axb3 20. Nc1 Ne4 21. Nxb3
g5 22. Be5 h5 23. f3 Nf6 24. Bxf6 Bxf6 25. Nc5 Rc7 26. Nd3 Kg7 27. Rf1 Be7 28.
Rbe1 Rc6 29. f4 f5 30. Re2 g4 31. hxg4 hxg4 32. Rfe1 Bh4 33. Nf2 Kf7 34. Re3
Bxf2+ 35. Kxf2 Rh8 36. R3e2 Rb6 37. Ke3 Rc6 38. Kd3 Rcc8 39. Rxe6 1-0

[Event "Titled Tue 17th Jun Late"]
[Site "chess.com INT"]
[Date "2025.06.17"]
[Round "8"]
[White "Jovic, Stanoje"]
[Black "Hariharan, Shambavi"]
[Result "1/2-1/2"]
[WhiteTitle "FM"]
[BlackTitle "WCM"]
[WhiteElo "2096"]
[BlackElo "1936"]
[WhiteFideId "905020"]
[BlackFideId "488160"]
[EventDate "2025.06.17"]

1. c4 Nf6 2. g3 e6 3. Bg2 d5 4. d4 Bb4+ 5. Bd2 Be7 6. Nf3 O-O 7. O-O b6 8. b3
Bb7 9. Qc2 Nbd7 10. Nc3 Ba6 11. Ne5 Bb7 12. f4 Rc8 13. f5 Ne4 14. Nxe4 dxe4 15.
Bxe4 Bxe4 16. Qxe4 Nxe5 17. fxe6 Ng6 18. exf7+ Kh8 19. Bc3 Bf6 20. Rad1 Rxf7 21.
Qb7 a5 22. e4 Rf8 23. e5 Bg5 24. d5 Qe7 25. Rxf8+ Rxf8 26. Rf1 Rxf1+ 27. Kxf1 h6
28. d6 cxd6 29. Qxe7 Nxe7 30. exd6 Nc6 31. Ke2 Kg8 32. Kd3 Kf7 33. Ke4 Ke6 34.
Bxg7 Kxd6 35. h4 Bd2 36. Kf5 Ne7+ 37. Kf6 Bc3+ 38. Kf7 Bxg7 39. Kxg7 Nf5+ 40.
Kg6 Nxg3 41. Kxh6 Kc5 42. Kg5 Kb4 43. Kg4 Ne4 44. Kf5 Nd6+ 45. Ke6 Ne4 46. Kf5
Ng3+ 47. Kg4 Ne4 48. Kf5 1/2-1/2

[Event "Titled Tue 17th Jun Late"]
[Site "chess.com INT"]
[Date "2025.06.17"]
[Round "8"]
[White "Harish, Neeraj"]
[Black "Wahedi, Ahmad Siar"]
[Result "0-1"]
[WhiteTitle "CM"]
[BlackTitle "FM"]
[WhiteElo "2192"]
[BlackElo "2239"]
[WhiteFideId "30958130"]
[BlackFideId "4651260"]
[EventDate "2025.06.17"]

1. c4 e6 2. g3 d5 3. Bg2 Nf6 4. Nf3 Be7 5. O-O O-O 6. b3 a6 7. Bb2 b5 8. cxd5
exd5 9. d4 b4 10. a3 Nc6 11. axb4 Nxb4 12. Nc3 Bf5 13. Rc1 Rb8 14. Ne5 Bd6 15.
Ba3 Be6 16. Bxb4 Bxb4 17. Nc6 Qd6 18. Nxb8 Rxb8 19. Na4 Ne4 20. Qd3 f5 21. Rfd1
Ba3 22. Ra1 Bb4 23. Rdc1 a5 24. f3 Nf6 25. Nc5 Bc8 26. Rc2 Rb6 27. e4 dxe4 28.
fxe4 fxe4 29. Bxe4 Qd8 30. Rf1 Rd6 31. Qc4+ Kh8 32. Rd1 Bxc5 33. Bg2 Bb6 34. Kh1
h6 35. d5 Bf5 36. Re2 Bh7 37. Rf1 Bg8 0-1

[Event "Titled Tue 17th Jun Late"]
[Site "chess.com INT"]
[Date "2025.06.17"]
[Round "8"]
[White "Haydon, David L"]
[Black "Szpar, Milosz"]
[Result "1/2-1/2"]
[WhiteTitle "FM"]
[BlackTitle "IM"]
[WhiteElo "2284"]
[BlackElo "2495"]
[WhiteFideId "415405"]
[BlackFideId "1184989"]
[EventDate "2025.06.17"]

1. d4 Nf6 2. Nf3 c5 3. c3 b6 4. g3 Bb7 5. Bg2 g6 6. O-O Bg7 7. Bg5 O-O 8. Nbd2
d6 9. Re1 Nbd7 10. Bxf6 Bxf6 11. e3 b5 12. Nh4 Qb6 13. Bxb7 Qxb7 14. Nhf3 Rfc8
15. a3 Nb6 16. Qb3 Na4 17. Rac1 c4 18. Qc2 a5 19. h4 Nb6 20. e4 b4 21. axb4 axb4
22. e5 Bg7 23. e6 f5 24. h5 b3 25. Qd1 Na4 26. Rb1 Bf6 27. Qe2 Qd5 28. Nf1 Nb6
29. Kg2 Ra2 30. hxg6 hxg6 31. Qe3 g5 32. Kg1 g4 33. Nh4 Kh7 34. Qf4 Bxh4 35.
gxh4 Qf3 36. Qg5 Nd5 37. Ng3 Nf4 38. Qxe7+ Kh8 39. Qf6+ Kg8 40. Qg5+ Kh8 41.
Qf6+ Kg8 42. Qg5+ Kh8 43. Qh6+ Kg8 44. Qg5+ 1/2-1/2

[Event "Titled Tue 17th Jun Late"]
[Site "chess.com INT"]
[Date "2025.06.17"]
[Round "8"]
[White "Hungaski, Robert"]
[Black "Suarez, Pedro"]
[Result "0-1"]
[WhiteTitle "GM"]
[BlackTitle "CM"]
[WhiteElo "2477"]
[BlackElo "2066"]
[WhiteFideId "2021030"]
[BlackFideId "3007642"]
[EventDate "2025.06.17"]

1. c4 e5 2. e3 Nf6 3. d4 exd4 4. exd4 g6 5. Nf3 Bg7 6. Be2 O-O 7. O-O b6 8. d5
Bb7 9. Nc3 Re8 10. Bg5 h6 11. Bh4 d6 12. Nd4 Nbd7 13. Re1 a5 14. Bf1 Ne5 15.
Ncb5 Qd7 16. h3 g5 17. Bg3 Ng6 18. Qc2 Ba6 19. a4 Nh5 20. Bh2 Nhf4 21. Re3 Bxb5
22. Nxb5 Bf6 23. Rae1 Rxe3 24. Rxe3 Kf8 25. b3 Re8 26. Rxe8+ Kxe8 27. Bd3 Kd8
28. Bxg6 Nxg6 29. Qe4 Qe7 30. Qxe7+ Nxe7 31. f4 Nf5 32. g4 Nd4 33. Nxd4 Bxd4+
34. Kf1 Ke7 35. Ke2 Kf6 36. Kd3 Bf2 37. Ke4 Bc5 38. Bg3 Kg6 39. h4 f6 40. h5+
Kf7 41. Kf5 Bb4 42. Bf2 Bd2 43. Bd4 gxf4 44. Bxf6 f3 45. Bh4 Be3 0-1

[Event "Titled Tue 17th Jun Late"]
[Site "chess.com INT"]
[Date "2025.06.17"]
[Round "8"]
[White "Vila Dupla, Aurelio"]
[Black "Makaraci, Tunahan"]
[Result "0-1"]
[WhiteTitle "FM"]
[BlackTitle "FM"]
[WhiteElo "2056"]
[BlackElo "2233"]
[WhiteFideId "2203383"]
[BlackFideId "6356559"]
[EventDate "2025.06.17"]

1. Nf3 Nf6 2. g3 e6 3. Bg2 d5 4. O-O Be7 5. b3 O-O 6. Bb2 b6 7. d4 Bb7 8. c4
Nbd7 9. Nc3 c5 10. dxc5 Nxc5 11. cxd5 Nxd5 12. Nxd5 Bxd5 13. Rc1 Bf6 14. Bxf6
Qxf6 15. Qd4 Qxd4 16. Nxd4 Bxg2 17. Kxg2 Rfd8 18. Rfd1 Rd7 19. Nc6 Kf8 20. b4
Rxd1 21. Rxd1 Ne4 22. Rd7 Nc3 23. a3 Nxe2 24. Rxa7 Rxa7 25. Nxa7 Nc3 26. Kf3 Ke7
27. Ke3 Kd7 28. Kd4 Nd1 29. f3 Nf2 30. Ke3 Nd1+ 31. Kd2 Nb2 32. Ke3 Nc4+ 33. Kd4
Nxa3 34. Kc3 Kc7 35. Kb3 Kb7 36. Kxa3 Kxa7 37. b5 Kb7 38. Kb4 Kc7 39. Kc4 Kd6
40. Kd4 f6 41. f4 h5 42. g4 hxg4 43. h3 gxh3 0-1

[Event "Titled Tue 17th Jun Late"]
[Site "chess.com INT"]
[Date "2025.06.17"]
[Round "8"]
[White "Danzer, George"]
[Black "Modric, Nesa"]
[Result "1-0"]
[WhiteTitle "CM"]
[BlackTitle "CM"]
[WhiteElo "2172"]
[BlackElo "2088"]
[WhiteFideId "4659465"]
[BlackFideId "922579"]
[EventDate "2025.06.17"]

1. e4 c6 2. d4 d5 3. e5 Bf5 4. h4 h5 5. c4 dxc4 6. Bxc4 e6 7. Nf3 Ne7 8. Bg5
Qa5+ 9. Nc3 Nd5 10. Bxd5 cxd5 11. a3 Nc6 12. O-O a6 13. b4 Qc7 14. Qd2 Bg4 15.
Nh2 Bf5 16. Rfc1 Rc8 17. Na4 Be7 18. Nf1 O-O 19. Ng3 Bg6 20. Rc3 Qd8 21. Bxe7
Qxe7 22. Nc5 Qxh4 23. Nxb7 Nxd4 24. Nc5 Nb5 25. Re3 Rc6 26. a4 Nc7 27. Ne2 a5
28. Nd4 Rxc5 29. bxc5 Na6 30. c6 Nb4 31. c7 Rc8 32. Rc1 Qe7 33. Nb5 h4 34. Qd4
Bf5 35. Qb6 Qd7 36. Qxa5 Nc6 37. Qb6 Nb4 38. a5 1-0

[Event "Titled Tue 17th Jun Late"]
[Site "chess.com INT"]
[Date "2025.06.17"]
[Round "8"]
[White "Zilberstein, Dmitry"]
[Black "Nayak, Rajesh"]
[Result "1-0"]
[WhiteTitle "IM"]
[BlackTitle "FM"]
[WhiteElo "2358"]
[BlackElo "2262"]
[WhiteFideId "2010739"]
[BlackFideId "35017152"]
[EventDate "2025.06.17"]

1. e4 c5 2. Nf3 d6 3. d4 cxd4 4. Qxd4 Nf6 5. Bb5+ Nc6 6. Qd3 Bd7 7. c4 g6 8. Nc3
Bg7 9. h3 O-O 10. O-O a6 11. Bxc6 Bxc6 12. Nd4 Qa5 13. Re1 Rac8 14. Bd2 Qc5 15.
Nb3 Qh5 16. Rad1 Bd7 17. f4 Be6 18. Nd5 Nxd5 19. cxd5 Bd7 20. Nd4 e5 21. dxe6
fxe6 22. Rc1 e5 23. Rxc8 Bxc8 24. fxe5 Bxe5 25. Bc3 Qh6 26. Nf3 Bxc3 27. Qxc3
Bxh3 28. gxh3 Qxh3 29. Re3 Rf4 30. Kf2 Rg4 31. Ke2 1-0

[Event "Titled Tue 17th Jun Late"]
[Site "chess.com INT"]
[Date "2025.06.17"]
[Round "8"]
[White "Shapiro, Daniel"]
[Black "Vazelakis, Dimitrios"]
[Result "1-0"]
[WhiteTitle "FM"]
[WhiteElo "2284"]
[BlackElo "1857"]
[WhiteFideId "2001780"]
[BlackFideId "4203674"]
[EventDate "2025.06.17"]

1. d4 e6 2. c4 f5 3. Bf4 Nf6 4. h3 Bb4+ 5. Nd2 Ne4 6. a3 Nxd2 7. Bxd2 Bxd2+ 8.
Qxd2 O-O 9. O-O-O a5 10. Nf3 b6 11. g4 f4 12. Bg2 Bb7 13. Rdg1 d6 14. h4 Qd7 15.
Ng5 Bxg2 16. Rxg2 Qc6 17. Nf3 Qxc4+ 18. Kb1 Na6 19. Rc1 Qd5 20. Rgg1 b5 21. Qc2
b4 22. Ng5 g6 23. a4 b3 24. Qe4 Qxe4+ 25. Nxe4 Rfb8 26. g5 Rb4 27. Nf6+ Kg7 28.
h5 gxh5 29. Rh1 Rxd4 30. Rxh5 Rh8 31. Rch1 h6 32. Ng4 Rd2 33. gxh6+ Kg6 34. Rxa5
Rxe2 35. Rxa6 Rb8 36. Rc6 Rb4 37. h7 Rxa4 38. h8=Q Ra2 39. Qg8+ Kf5 40. Qh7+ Kg5
41. Qh5# 1-0

[Event "Titled Tue 17th Jun Late"]
[Site "chess.com INT"]
[Date "2025.06.17"]
[Round "8"]
[White "Krishnakumar, Sriram"]
[Black "Pakleza, Zbigniew"]
[Result "0-1"]
[WhiteTitle "FM"]
[BlackTitle "GM"]
[WhiteElo "2197"]
[BlackElo "2484"]
[WhiteFideId "30915856"]
[BlackFideId "1119290"]
[EventDate "2025.06.17"]

1. e4 d5 2. exd5 Nf6 3. d4 Nxd5 4. Nf3 Bg4 5. Be2 e6 6. h3 Bh5 7. Ne5 Bxe2 8.
Qxe2 Nd7 9. O-O Be7 10. c4 N5b6 11. Nc3 O-O 12. Bf4 c6 13. Rfd1 Re8 14. b3 a5
15. Rac1 a4 16. Ne4 axb3 17. axb3 Nc8 18. Rd3 f6 19. Nf3 Qa5 20. Ned2 Bb4 21.
Re3 Kf7 22. Nf1 Nd6 23. g4 h6 24. Kg2 Re7 25. d5 e5 26. dxc6 bxc6 27. Rd1 Bc5
28. Bg3 Bxe3 29. Nxe3 Qb4 30. Qd3 Ne8 31. Nf5 e4 32. Qe3 exf3+ 33. Qxf3 Rd8 34.
Nxe7 Qxe7 35. Qxc6 Ne5 0-1

[Event "Titled Tue 17th Jun Late"]
[Site "chess.com INT"]
[Date "2025.06.17"]
[Round "8"]
[White "Aliyev, Elnur"]
[Black "Kjaergaard-Jensen, Jesper"]
[Result "1-0"]
[WhiteTitle "CM"]
[BlackTitle "CM"]
[WhiteElo "2123"]
[BlackElo "2081"]
[WhiteFideId "13402617"]
[BlackFideId "1406990"]
[EventDate "2025.06.17"]

1. d4 Nf6 2. c4 d6 3. h4 Nbd7 4. h5 h6 5. Nc3 e5 6. d5 a5 7. f3 e4 8. Nh3 Nc5 9.
Nf2 Qe7 10. Qd4 exf3 11. gxf3 Qe5 12. Be3 Bd7 13. O-O-O Be7 14. Rg1 Nxh5 15.
Qxe5 dxe5 16. Nfe4 Nxe4 17. Nxe4 f5 18. Nc5 O-O-O 19. Bh3 Rhf8 20. Rg6 Be8 21.
Re6 Bd6 22. Nd3 Bd7 23. Rxe5 Bxe5 24. Nxe5 Rde8 25. f4 Nf6 26. Rg1 Re7 27. Bc5
Rfe8 28. Bxe7 Rxe7 29. Nxd7 Kxd7 30. Bxf5+ Kd6 31. e4 Kc5 32. e5 Nh5 33. Rd1
Nxf4 34. d6 cxd6 35. exd6 1-0